<?xml version="1.0" encoding="UTF-8"?>
<record
    xmlns:xsi="http://www.w3.org/2001/XMLSchema-instance"
    xsi:schemaLocation="http://www.loc.gov/MARC21/slim http://www.loc.gov/standards/marcxml/schema/MARC21slim.xsd"
    xmlns="http://www.loc.gov/MARC21/slim">

  <leader>02917nam a2200553Ia 4500</leader>
  <controlfield tag="001">3936</controlfield>
  <controlfield tag="008">241029s9999    xx            000 0 und d</controlfield>
  <datafield tag="010" ind1=" " ind2=" ">
    <subfield code="a">3693</subfield>
  </datafield>
  <datafield tag="041" ind1=" " ind2=" ">
    <subfield code="a">Espa&#xF1;ol</subfield>
  </datafield>
  <datafield tag="082" ind1=" " ind2=" ">
    <subfield code="a">BUNEVS M T F L 49 2009</subfield>
  </datafield>
  <datafield tag="245" ind1=" " ind2="0">
    <subfield code="a">Relaci&#xF3;n entre la violencia intrafamiliar y el bajo rendimiento acad&#xE9;mico entre los adolescentes internos del Colegio Adventista Dominicano en el a&#xF1;o escolar 2009-2010</subfield>
  </datafield>
  <datafield tag="260" ind1=" " ind2=" ">
    <subfield code="a">Santiago</subfield>
  </datafield>
  <datafield tag="300" ind1=" " ind2=" ">
    <subfield code="a">80</subfield>
  </datafield>
  <datafield tag="520" ind1=" " ind2=" ">
    <subfield code="a">27</subfield>
  </datafield>
  <datafield tag="630" ind1=" " ind2=" ">
    <subfield code="a">Redimiento acad&#xE9;mico</subfield>
  </datafield>
  <datafield tag="630" ind1=" " ind2=" ">
    <subfield code="a">Violencia Intrafamiliar</subfield>
  </datafield>
  <datafield tag="650" ind1=" " ind2=" ">
    <subfield code="a">Terapia Familiar</subfield>
  </datafield>
  <datafield tag="690" ind1=" " ind2=" ">
    <subfield code="a">Elaborado</subfield>
  </datafield>
  <datafield tag="700" ind1=" " ind2=" ">
    <subfield code="e">asesor</subfield>
    <subfield code="a">&#xC3;&#x81;lvarez, Martha</subfield>
  </datafield>
  <datafield tag="700" ind1=" " ind2=" ">
    <subfield code="e">autor</subfield>
    <subfield code="a">Gonz&#xE1;lez, Nellys Pe&#xF1;a </subfield>
  </datafield>
  <datafield tag="700" ind1=" " ind2=" ">
    <subfield code="e">autor</subfield>
    <subfield code="a">Contreras, Alfa Lizardo</subfield>
  </datafield>
  <datafield tag="700" ind1=" " ind2=" ">
    <subfield code="e">asesor</subfield>
    <subfield code="a">Reyes, Rafael</subfield>
  </datafield>
  <datafield tag="901" ind1=" " ind2=" ">
    <subfield code="a">{"1":"Gonz&#xE1;lez","2":"Contreras"}</subfield>
    <subfield code="b">{"1":"Nellys Pe&#xF1;a ","2":"Alfa Lizardo"}</subfield>
  </datafield>
  <datafield tag="902" ind1=" " ind2=" ">
    <subfield code="a">2</subfield>
  </datafield>
  <datafield tag="903" ind1=" " ind2=" ">
    <subfield code="a">{"1":"Reyes","2":"&#xC3;&#x81;lvarez"}</subfield>
    <subfield code="b">{"1":"Rafael","2":"Martha"}</subfield>
  </datafield>
  <datafield tag="904" ind1=" " ind2=" ">
    <subfield code="a">Maestr&#xED;a en</subfield>
  </datafield>
  <datafield tag="905" ind1=" " ind2=" ">
    <subfield code="a">Terapia Familiar</subfield>
  </datafield>
  <datafield tag="906" ind1=" " ind2=" ">
    <subfield code="a">2</subfield>
  </datafield>
  <datafield tag="907" ind1=" " ind2=" ">
    <subfield code="a">NO APLICA</subfield>
  </datafield>
  <datafield tag="908" ind1=" " ind2=" ">
    <subfield code="a">NO APLICA</subfield>
  </datafield>
  <datafield tag="909" ind1=" " ind2=" ">
    <subfield code="a">Universidad Nacional Evang&#xE9;lica (UNEV), Recinto Santo Domingo</subfield>
  </datafield>
  <datafield tag="910" ind1=" " ind2=" ">
    <subfield code="a">NULL</subfield>
    <subfield code="b">NULL</subfield>
  </datafield>
  <datafield tag="911" ind1=" " ind2=" ">
    <subfield code="a">["1"]</subfield>
  </datafield>
  <datafield tag="912" ind1=" " ind2=" ">
    <subfield code="a">NO APLICA</subfield>
  </datafield>
  <datafield tag="913" ind1=" " ind2=" ">
    <subfield code="a">NULL</subfield>
  </datafield>
  <datafield tag="914" ind1=" " ind2=" ">
    <subfield code="a">02 de Noviembre de 2009</subfield>
  </datafield>
  <datafield tag="915" ind1=" " ind2=" ">
    <subfield code="a">01/10/14 11:10</subfield>
  </datafield>
  <datafield tag="916" ind1=" " ind2=" ">
    <subfield code="a">NULL</subfield>
  </datafield>
  <datafield tag="917" ind1=" " ind2=" ">
    <subfield code="a">NULL</subfield>
  </datafield>
  <datafield tag="918" ind1=" " ind2=" ">
    <subfield code="a">NO APLICA</subfield>
  </datafield>
  <datafield tag="919" ind1=" " ind2=" ">
    <subfield code="a">["242","198"]</subfield>
  </datafield>
  <datafield tag="520" ind1=" " ind2=" ">
    <subfield code="a">El estudio se plante&#xF3; como objetivos principales analizar el trasfondo hist&#xF3;rico y legislativo de las principales entidades mundiales con respecto a la violencia familiar y definir violencia familiar desde el punto de vista de su alcance. La investigaci&#xF3;n es descriptiva y se fundament&#xF3; en los m&#xE9;todos de la entrevista y la encuesta. Como instrumento se utiliz&#xF3; un cuestionario, que le fue aplicado a una muestra de 20 estudiantes.Entre las principales conclusiones de la investigaci&#xF3;n se destaca que a partir de 1975 con el abrumador aumento de los &#xED;ndices de la violencia intrafamiliar en todos los pa&#xED;ses del mundo, se tomaron medidas importantes con la formaci&#xF3;n de m&#xFA;ltiples comisiones que se encargaron de crear investigaciones y legislaciones para proponerlas a los gobiernos y tratar de reducir los altos &#xED;ndices de violencia intrafamiliar, adem&#xE1;s se destaca que la violencia intrafamiliar es toda acci&#xF3;n y omisi&#xF3;n cometida por alg&#xFA;n/a miembro de la familia abusando de su poder o influencia y que perjudica a los dem&#xE1;s de manera psicol&#xF3;gica y f&#xED;sica.La investigaci&#xF3;n sugiere que se creen programas de investigaci&#xF3;n en las comunidades, no s&#xF3;lo a nivel gubernamental y legislativo, sino en los barrios, juntas de vecinos a fin de ense&#xF1;ar todos los derechos y los m&#xE9;todos de disciplina que son de ayuda para &#xE9;stos.</subfield>
  </datafield>
  <datafield tag="921" ind1=" " ind2=" ">
    <subfield code="a">11</subfield>
  </datafield>
  <datafield tag="922" ind1=" " ind2=" ">
    <subfield code="a">11</subfield>
  </datafield>
  <datafield tag="923" ind1=" " ind2=" ">
    <subfield code="a">0</subfield>
  </datafield>
  <datafield tag="924" ind1=" " ind2=" ">
    <subfield code="a">NO APLICA</subfield>
  </datafield>
  <datafield tag="942" ind1=" " ind2=" ">
    <subfield code="c">Tesis</subfield>
  </datafield>
  <datafield tag="999" ind1=" " ind2=" ">
    <subfield code="c">3693</subfield>
    <subfield code="d">3693</subfield>
  </datafield>
</record>
